000 00238nam a22000857a 4500
999 _c11451
_d11451
008 190524b ||||| |||| 00| 0 eng d
020 _a9789386365217
100 _97174
_aSINGH.S.N
245 _aGREAT NATIONALIST OF INDIA SARDAR VALLABHBHAI PATEL